[Event "CRO-chT"]
[Site "Medulin"]
[Date "1997.??.??"]
[Round "?"]
[White "Lazovic, Gordan"]
[Black "Radocaj, Denis"]
[Result "1/2-1/2"]
[WhiteElo "2310"]
[BlackElo "2370"]

1.d4 Nf6 2.c4 e6 3.Nf3 b6 4.a3 Bb7 5.Nc3 d5 6.cxd5 exd5 7.Qa4+ c6 8.Bg5 Be7
9.e3 O-O 10.Bd3 Nbd7 11.O-O Ne4 12.Bxe7 Qxe7 13.Bxe4 dxe4 14.Nd2 c5  1/2-1/2

[Event "Metz op"]
[Site "Metz"]
[Date "1997.??.??"]
[Round "8"]
[White "Khenkin, Igor"]
[Black "Rausis, Igors"]
[Result "1-0"]
[WhiteElo "2575"]
[BlackElo "2470"]

1.d4 Nf6 2.c4 e6 3.Nf3 b6 4.a3 Bb7 5.Nc3 d5 6.cxd5 Nxd5 7.e3 g6 8.Bb5+ c6
9.Ba4 Nxc3 10.bxc3 Bg7 11.O-O O-O 12.e4 c5 13.Re1 cxd4 14.cxd4 Nc6 15.Bg5 Qd6
16.Bxc6 Qxc6 17.Qd2 Rac8 18.Bh6 Qd6 19.h4 f5 20.Bxg7 Kxg7 21.d5 fxe4 22.dxe6 Qxd2
23.Nxd2 Rfe8 24.Nxe4 Rxe6 25.Nd6 Rxd6 26.Re7+ Kh6 27.Rxb7 Rd4 28.g3 Ra4 29.Rd1 Rxa3
30.Kh2 Rc2 31.g4 Raa2 32.Kg3  1-0

[Event "Amber-blind 6th"]
[Site "Monte Carlo"]
[Date "1997.??.??"]
[Round "7"]
[White "Piket, Jeroen"]
[Black "Ljubojevic, Ljubomir"]
[Result "0-1"]
[WhiteElo "2640"]
[BlackElo "2570"]

1.d4 Nf6 2.c4 e6 3.Nf3 b6 4.a3 d5 5.Nc3 Be7 6.Bf4 O-O 7.e3 c5 8.dxc5 bxc5
9.Be2 Bb7 10.O-O Nc6 11.cxd5 exd5 12.Rc1 Rc8 13.Qa4 d4 14.Rfd1 Qb6 15.Nb5 Rfd8
16.exd4 a6 17.Bc7 Rxc7 18.Nxc7 Qxc7 19.dxc5 Rxd1+ 20.Qxd1 a5 21.Nd4 Ne4 22.Bf3 Nxd4
23.Bxe4 Qf4 24.c6 Ne2+ 25.Kf1 Ba6 26.c7 Nxc1+ 27.Kg1 Qxc7  0-1

[Event "Amber-rapid 6th"]
[Site "Monte Carlo"]
[Date "1997.??.??"]
[Round "8"]
[White "Van Wely, Loek"]
[Black "Ljubojevic, Ljubomir"]
[Result "1-0"]
[WhiteElo "2645"]
[BlackElo "2570"]

1.d4 Nf6 2.c4 e6 3.Nf3 b6 4.a3 d5 5.Nc3 Be7 6.Bg5 O-O 7.e3 Ne4 8.Bxe7 Qxe7
9.Rc1 Bb7 10.Bd3 Nd7 11.cxd5 exd5 12.O-O c5 13.dxc5 bxc5 14.Qe2 a5 15.Rfd1 Nb6
16.Bb1 f5 17.Ba2 Qe6 18.Ne1 Rfc8 19.Nd3 Ba6 20.Qf3 Bxd3 21.Rxd3 c4 22.Rd4 Kh8
23.Qd1 Qe5 24.Rc2 Rc5 25.g3 a4 26.Bb1 g6 27.Rc1 Kg7 28.Na2 Rac8 29.Kg2 Re8
30.Rc2 Nd7 31.Nb4 Ndf6 32.Re2 Ra8 33.Bc2 c3 34.Nd3 Qe7 35.Nxc5 Qxc5 36.Bxe4 Nxe4
37.bxc3 Qxa3 38.Rxd5 Qxc3 39.Rc2 Qf6 40.Rd7+ Kh6 41.Rcc7 Qh8 42.Qf3 Ra5 43.h4 g5
44.hxg5+ Kxg5 45.Qf4+ Kg6 46.Rc6+ Nf6 47.Rdd6  1-0

[Event "Amber-rapid 6th"]
[Site "Monte Carlo"]
[Date "1997.??.??"]
[Round "10"]
[White "Van Wely, Loek"]
[Black "Karpov, Anatoly"]
[Result "1/2-1/2"]
[WhiteElo "2645"]
[BlackElo "2760"]

1.d4 Nf6 2.c4 e6 3.Nf3 b6 4.a3 d5 5.Nc3 Be7 6.Bf4 O-O 7.e3 Bb7 8.Qc2 Nh5
9.Be5 dxc4 10.Bxc4 Nd7 11.Rd1 Qc8 12.d5 Nxe5 13.Nxe5 Bd6 14.Nc6 Nf6 15.Ne4 Nxe4
16.Qxe4 Qe8 17.O-O e5 18.Qc2 Kh8 19.Bd3 g6 20.Qc3 Kg8 21.b4 a5 22.Bb5 axb4
23.axb4 Qd7 24.Qc4 Qf5 25.Ne7+ Bxe7 26.Qxc7 Bxd5 27.Rxd5 Bxb4 28.Qxb6  1/2-1/2

[Event "Moravia-chT 9697"]
[Site "?"]
[Date "1997.??.??"]
[Round "?"]
[White "Saljova, Silvie"]
[Black "Jurasek, Miroslav"]
[Result "1/2-1/2"]
[WhiteElo "2205"]
[BlackElo "2305"]

1.d4 Nf6 2.Nf3 e6 3.c4 b6 4.a3 Be7 5.Nc3 d5 6.Bg5 O-O 7.e3 h6 8.Bh4 Ba6 9.Ne5 Bb7
10.Rc1 a6 11.cxd5 Nxd5 12.Bxe7 Qxe7 13.Nxd5 Bxd5 14.Qg4 Nd7 15.Nxd7 Qxd7
16.Be2 Qd6 17.O-O f5 18.Qh4 a5 19.Rc3  1/2-1/2

[Event "Moscow-ch"]
[Site "Moscow"]
[Date "1997.??.??"]
[Round "3"]
[White "Yanvarjov, Igor"]
[Black "Mitenkov, Alexey"]
[Result "0-1"]
[WhiteElo "2420"]
[BlackElo "2450"]

1.d4 Nf6 2.c4 e6 3.Nf3 b6 4.a3 Bb7 5.Nc3 d5 6.Bg5 Be7 7.Bxf6 Bxf6 8.cxd5 exd5
9.Qa4+ c6 10.Rd1 O-O 11.g3 Re8 12.Bg2 c5 13.O-O Na6 14.e3 Nc7 15.dxc5 bxc5
16.Ne1 Bxc3 17.bxc3 Qd6 18.Nd3 Ne6 19.Rb1 Bc6 20.Qa6 Nc7 21.Qa5 Ne6 22.Rfd1 Red8
23.h4 d4 24.cxd4 cxd4 25.e4 Qe7 26.Nb4 Rac8 27.Nd5 Qd7 28.Rb4 h6 29.Kh2 Kh8
30.Rd2 Ba8 31.Bh3 Bxd5 32.Rbxd4 Nxd4 33.Bxd7 Nf3+ 34.Kh3 Bxe4 35.Bxc8 Rxd2
36.Qb4 Rd4 37.Qf8+ Kh7 38.g4 Rd3 39.Bf5+ Bxf5 40.gxf5 Nd4+ 41.Kg4 f6 42.Qc5 a6
43.Qc4 Nf3 44.Qxa6 Ne5+ 45.Kf4 Rf3+ 46.Ke4 Rxf2 47.a4 Rh2 48.a5 Rxh4+ 49.Kd5 Rf4
50.Qc8 Nd3 51.a6 Ra4 52.Qc3 Nf4+ 53.Kd6 Rxa6+ 54.Kd7 Ra7+ 55.Kd6 Ra6+ 56.Kc5 Ra4
57.Kd6 Re4 58.Qf3 Rd4+ 59.Ke7 Nd3 60.Kf8 Ne5 61.Qb3 Rd8+ 62.Ke7 Rd7+ 63.Kf8 Rf7+
64.Ke8 Ra7 65.Qd5 Rd7 66.Qe6 h5 67.Qb3 Rd3 68.Qb4 Rd8+  0-1

[Event "Moscow-ch (Women)"]
[Site "Moscow"]
[Date "1997.??.??"]
[Round "4"]
[White "Zhurina, Elizaveta"]
[Black "Kudriashova, Irina"]
[Result "1-0"]
[WhiteElo "2235"]
[BlackElo "2085"]

1.d4 Nf6 2.Nf3 e6 3.c4 b6 4.a3 c5 5.d5 Ba6 6.dxe6 fxe6 7.Qc2 Be7 8.g3 O-O
9.Bg2 Bb7 10.O-O Qc8 11.Bf4 d5 12.cxd5 exd5 13.Nc3 d4 14.Nb5 Be4 15.Qc4+ Bd5
16.Qc2 Be4 17.Qc4+ Bd5 18.Qc1 Ne8 19.Nbxd4 Nd7 20.Nb5 Ndf6 21.Nc3 Bc6 22.Qc2 Qb7
23.Rad1 Nc7 24.Bh3 Bxf3 25.exf3 Rad8 26.Ne4 Kh8 27.Ng5 Rxd1 28.Rxd1 h6 29.Ne4 Rc8
30.Nxf6 Bxf6 31.Qg6 Qxf3 32.Bg4 Qe4 33.Bf5 Qf3 34.Qh7+  1-0

[Event "Moscow-ch"]
[Site "Moscow"]
[Date "1997.??.??"]
[Round "5"]
[White "Yanvarjov, Igor"]
[Black "Mukhaev, Aleksander"]
[Result "1-0"]
[WhiteElo "2420"]
[BlackElo "2315"]

1.d4 Nf6 2.c4 e6 3.Nf3 b6 4.a3 c5 5.e3 Bb7 6.Nc3 d5 7.cxd5 exd5 8.Bb5+ Nbd7
9.dxc5 bxc5 10.Ne5 a6 11.Ba4 Bd6 12.Nxd7 Nxd7 13.Nxd5 O-O 14.O-O Bxh2+ 15.Kxh2 Qh4+
16.Kg1 Ne5 17.e4 Rad8 18.f3 Rd6 19.Be3 Bxd5 20.exd5 Rfd8 21.Bb3 f5 22.Qe1 Qh5
23.Qg3 f4 24.Bxf4 Rg6 25.Qf2 Nd3 26.Qd2 Qf5 27.d6+ Kh8 28.Bc2 c4 29.Bxd3 cxd3
30.Rae1 Rf8 31.Re5 Qh3 32.Rg5  1-0

[Event "Moscow-ch"]
[Site "Moscow"]
[Date "1997.??.??"]
[Round "6"]
[White "Rustemov, Alexander"]
[Black "Mitenkov, Alexey"]
[Result "1-0"]
[WhiteElo "2550"]
[BlackElo "2450"]

1.d4 Nf6 2.c4 e6 3.Nf3 b6 4.a3 Bb7 5.Nc3 d5 6.Bg5 Be7 7.Bxf6 Bxf6 8.cxd5 exd5
9.Qa4+ c6 10.g3 O-O 11.Rd1 Re8 12.Bg2 Nd7 13.O-O Qc7 14.e3 Rad8 15.Rd2 Qb8
16.Rfd1 g6 17.Ne1 Bg7 18.Nd3 Qa8 19.Nf4 Nf6 20.Qc2 Re7 21.h4 Rde8 22.b4 Bh6
23.Bf3 Bc8 24.Kg2 Bg4 25.Bxg4 Nxg4 26.Rd3 Bxf4 27.gxf4 Qc8 28.Qe2 Nf6 29.Qf3 Ne4
30.Rh1 Qf5 31.Qh3 Qh5 32.Nxe4 Rxe4 33.Qf3 Qf5 34.Rc3 R4e6 35.Rhc1 Qf6 36.Qg4 Rd8
37.Qg5 Rdd6 38.a4 a6 39.b5 axb5 40.axb5 cxb5 41.Rc7 Kg7 42.Rb7 h6 43.Qxf6+ Kxf6
44.Rb1 Re7 45.Rb8 Rc7 46.Rxb5 Rcc6 47.Re8 Rc7 48.Kf3 Ra7 49.Rb8 Ra6 50.Rb7 Ke6
51.Rc7 Ra1 52.Kg2 Kf6 53.Rb2 Ra3 54.Rb7 Ra6 55.Rc2 Ke6 56.Rcc7 f6 57.Rf7 Kf5
58.Kf3 h5 59.Rfe7 Ra1 60.Rf7 Ra6 61.Rbe7 Re6 62.Rd7 Ra5 63.Rf8 Rc6 64.Re7 Re6
65.Rc7 Rd6 66.Re8 Rb5 67.Rf7 Re6 68.Rd8 Rc6 69.Re7 Re6 70.Red7 Rc6 71.Rxd5+ Rxd5
72.e4+ Ke6 73.exd5+ Ke7 74.dxc6 Kxd8 75.f5  1-0

[Event "Pripis mem"]
[Site "Moscow"]
[Date "1997.??.??"]
[Round "8"]
[White "Panus, Victor"]
[Black "Kastanieda, Georgiy"]
[Result "1-0"]
[WhiteElo "2170"]
[BlackElo "2375"]

1.d4 e6 2.c4 Nf6 3.Nf3 b6 4.a3 Ba6 5.Qc2 Bb7 6.Nc3 c5 7.e3 Be7 8.Be2 O-O
9.O-O cxd4 10.Nxd4 Nc6 11.b4 a6 12.Bb2 Qc7 13.Rac1 Ne5 14.Qb3 Rac8 15.Na4 Ne4
16.Rfd1 f5 17.f3 Nf6 18.c5 Bd5 19.Qc3 bxc5 20.bxc5 Ng6 21.Nxf5 exf5 22.Rxd5 Qc6
23.Nb6 Rc7 24.Rxf5 Kh8 25.Nd5 Rb7 26.Bd3 Qe6 27.Be4 Rb5 28.Nc7 Qb3 29.Nxb5 Qxb5
30.c6 d5 31.Rxd5 Qb6 32.c7 Rc8 33.Rd3 Ne8 34.Qd4 Qb5 35.a4 Qg5 36.Bxg6 Qxg6
37.Qd7  1-0

[Event "Moscow-ch"]
[Site "Moscow"]
[Date "1997.??.??"]
[Round "9"]
[White "Gutov, Andrei"]
[Black "Loginov, Anton"]
[Result "1-0"]
[WhiteElo "2195"]
[BlackElo "2250"]

1.d4 Nf6 2.c4 e6 3.Nf3 b6 4.a3 Bb7 5.Nc3 d5 6.Qc2 Nbd7 7.cxd5 Nxd5 8.e4 Nxc3
9.bxc3 c5 10.Bd3 Rc8 11.Qe2 Be7 12.h4 O-O 13.e5 g6 14.h5 cxd4 15.cxd4 Rc3
16.Qd2 Bxf3 17.gxf3 Rxd3 18.Qxd3 Nxe5 19.Qe3 Qxd4 20.Qxd4 Nxf3+ 21.Kf1 Nxd4
22.Bb2 e5 23.Re1 f6 24.Bxd4 Bxa3 25.Be3 Rc8 26.hxg6 hxg6 27.Rd1 Rc7 28.Rd8+ Kg7
29.Rdh8  1-0

[Event "NRW-Cup Masters op"]
[Site "Muenster"]
[Date "1997.??.??"]
[Round "5"]
[White "Kalinitschew, Sergey"]
[Black "Romanishin, Oleg M"]
[Result "0-1"]
[WhiteElo "2525"]
[BlackElo "2550"]

1.d4 Nf6 2.Nf3 e6 3.c4 b6 4.a3 Bb7 5.Nc3 g6 6.Qd3 Bg7 7.e4 d6 8.Be2 O-O 9.O-O d5
10.cxd5 exd5 11.e5 Ne4 12.Qc2 c5 13.dxc5 bxc5 14.Rd1 Nxc3 15.Qxc3 Nd7 16.Bg5 Qb6
17.b4 d4 18.bxc5 dxc3 19.cxb6 Nxb6 20.Rac1 Rac8 21.Bb5 Rc5 22.a4 Bxf3 23.gxf3 Rxe5
24.Be3 a6 25.Bxa6 Nxa4 26.f4 Ra5 27.Bb7 Nc5 28.Bd5 Ne6 29.Kg2 Ra4 30.Bb3 Nxf4+
31.Kf3 Rb4 32.Ba2 Ne6 33.Rd7 h5 34.Kg2 Rg4+ 35.Kf1 Re8 36.Bd5 Rb4 37.Ra1 c2
38.Raa7 Nf4 39.Bxf7+ Kh8 40.Bxf4 Rxf4 41.Rac7 Rf8  0-1

[Event "JUG-chT"]
[Site "Niksic"]
[Date "1997.??.??"]
[Round "1"]
[White "Sakaev, Konstantin"]
[Black "Gligoric, Svetozar"]
[Result "1/2-1/2"]
[WhiteElo "2590"]
[BlackElo "2470"]

1.d4 Nf6 2.c4 e6 3.Nf3 b6 4.a3 Bb7 5.Nc3 d5 6.cxd5 exd5 7.g3 Be7 8.Bg2 O-O
9.O-O c5 10.Bf4 Nc6 11.Qd3 cxd4 12.Nxd4 Nxd4 13.Qxd4 Ne4 14.Rad1 Bf6 15.Qb4 Bxc3
16.bxc3 Qc8 17.c4 dxc4 18.Rd4 Nc5 19.Bxb7 Qxb7 20.Rxc4 Ne6 21.Be3 Rfc8 22.Rfc1 Rxc4
23.Qxc4 Rd8 24.a4 h6 25.f3 Qd5 26.Kf2 h5 27.Qxd5 Rxd5 28.Rc8+ Kh7 29.h3 g5
30.g4 hxg4 31.hxg4 Ra5 32.Rc4 Kg6 33.Ke1 Rd5 34.Rc8 Ra5 35.Rc4 Rd5 36.Rc8  1/2-1/2

[Event "Nova Gorica op"]
[Site "Nova Gorica"]
[Date "1997.??.??"]
[Round "4"]
[White "Cebalo, Miso"]
[Black "Drei, Andrea"]
[Result "1-0"]
[WhiteElo "2540"]
[BlackElo "2305"]

1.d4 Nf6 2.Nf3 e6 3.c4 b6 4.a3 Bb7 5.Nc3 d5 6.Bg5 Nbd7 7.cxd5 exd5 8.Qa4 c6
9.e3 Be7 10.Bd3 h6 11.Bxf6 Bxf6 12.Rd1 O-O 13.Bb1 Re8 14.O-O Nf8 15.Rfe1 g6
16.e4 dxe4 17.Nxe4 Bg7 18.Ne5 Qc7 19.Ba2 Ne6 20.Nxf7 Kxf7 21.Qb3 Qe7 22.Nc5 Bc8
23.Nxe6 Bxe6 24.Rxe6 Qxe6 25.Qf3+ Bf6 26.Bxe6+ Rxe6 27.Qf4 Rae8 28.g3 Kg7
29.Kg2 R8e7 30.h4 h5 31.b4 Rd7 32.g4 hxg4 33.Qxg4 Red6 34.h5 Bxd4 35.Rd3 c5
36.Rf3 Rf7 37.Qg3 Rdf6  1-0

[Event "Nova Gorica op"]
[Site "Nova Gorica"]
[Date "1997.??.??"]
[Round "7"]
[White "Gofshtein, Leonid D"]
[Black "Mikac, Matjaz"]
[Result "1-0"]
[WhiteElo "2530"]
[BlackElo "2440"]

1.d4 Nf6 2.c4 e6 3.Nf3 b6 4.a3 Ba6 5.Qc2 c5 6.d5 exd5 7.cxd5 g6 8.Nc3 Bg7
9.g3 O-O 10.Bg2 d6 11.O-O Nbd7 12.h3 b5 13.Be3 Qb6 14.Rfe1 Nh5 15.Bg5 f5
16.Qd2 Rae8 17.Bh6 Ne5 18.Bxg7 Nxf3+ 19.Bxf3 Nxg7 20.b4 cxb4 21.axb4 Bb7
22.h4 f4 23.gxf4 Nf5 24.h5 Nd4 25.hxg6 hxg6 26.Kg2 Re7 27.Rad1 Nxf3 28.exf3 Rg7
29.Ne4 Rgf7 30.Rh1 Qd8 31.Qc3 Rg7 32.Rh6 Rxf4 33.Rdh1 Rf8 34.Rh8+ Kf7 35.Qxg7+  1-0

[Event "Nova Gorica op"]
[Site "Nova Gorica"]
[Date "1997.??.??"]
[Round "9"]
[White "Cvitan, Ognjen"]
[Black "Gofshtein, Leonid D"]
[Result "1/2-1/2"]
[WhiteElo "2550"]
[BlackElo "2530"]

1.d4 Nf6 2.Nf3 e6 3.c4 b6 4.a3 Ba6 5.Qc2 Bb7 6.Nc3 c5 7.e4 cxd4 8.Nxd4 d6
9.Be2 Be7 10.Be3 a6 11.O-O Nbd7 12.Rfd1 O-O 13.f3 Qc7 14.Rac1 Rac8  1/2-1/2

[Event "Coca Cola op"]
[Site "Olanesti"]
[Date "1997.??.??"]
[Round "8"]
[White "Vajda, Albert"]
[Black "Cioara, Andrei Nestor"]
[Result "1-0"]
[WhiteElo "2405"]
[BlackElo "2285"]

1.d4 Nf6 2.Nf3 e6 3.c4 b6 4.a3 Bb7 5.Nc3 d5 6.cxd5 Nxd5 7.Qc2 Nxc3 8.Qxc3 Nd7
9.Bg5 Nf6 10.e3 a6 11.Ne5 Ne4 12.Bxd8 Nxc3 13.Bh4 Ne4 14.Rc1 Rc8 15.Nc6 Bd6
16.f3 Nf6 17.e4 Kd7 18.Ne5+ Bxe5 19.dxe5 Nh5 20.Bd3 h6 21.O-O g5 22.Rfd1 Ke7
23.Bf2 Nf4 24.Bf1 Ng6 25.Bd4 Rhd8 26.Bc3 Rxd1 27.Rxd1 Nf8 28.Kf2 Nd7 29.Kg3 a5
30.Bb5 Nb8 31.b4 axb4 32.axb4 h5 33.h4 Rg8 34.hxg5 Rxg5+ 35.Kf2 Nc6 36.Bd2 Rg8
37.Rc1 Kd7 38.Rh1 Rh8 39.Bg5 Kc8 40.Bf6  1-0

[Event "RUS-chT"]
[Site "Orel"]
[Date "1997.??.??"]
[Round "?"]
[White "Tulchinsky, Mikhail"]
[Black "Kalugin, Sergei"]
[Result "0-1"]
[WhiteElo "2305"]
[BlackElo "2255"]

1.d4 Nf6 2.Nf3 e6 3.c4 b6 4.a3 Ba6 5.e3 Be7 6.Bd3 Bb7 7.Nc3 c5 8.O-O h6 9.Qe2 O-O
10.Rd1 d5 11.dxc5 bxc5 12.cxd5 exd5 13.Bc4 Bd6 14.Nxd5 Nxd5 15.e4 Nb6 16.e5 Bxf3
17.Qxf3 N8d7 18.exd6 Nxc4 19.Bxh6 gxh6 20.Qg4+ Qg5 21.Qxc4 Rfe8 22.Rd5 Qg7
23.Qb5 Rad8 24.g3 Qg4 25.Rad1 Rb8 26.Qd3 Rxb2 27.Qf5 Qxf5 28.Rxf5 Ree2 29.Kf1 Red2
30.Re1 Rxd6 31.Re7 Rf6 32.Rxf6 Nxf6 33.Rxa7 Ne4  0-1

[Event "RUS-chT"]
[Site "Orel"]
[Date "1997.??.??"]
[Round "?"]
[White "Notkin, Maksim"]
[Black "Belozerov, Andrei"]
[Result "0-1"]
[WhiteElo "2515"]
[BlackElo "2420"]

1.d4 Nf6 2.c4 e6 3.Nf3 b6 4.a3 Ba6 5.Qc2 Bb7 6.Nc3 c5 7.e4 cxd4 8.Nxd4 d6
9.Be2 Be7 10.Be3 a6 11.O-O-O Nbd7 12.g4 Ne5 13.f4 Nexg4 14.Bg1 Qc7 15.h3 Nh6
16.Be3 b5 17.Rhg1 bxc4 18.Rxg7 Rg8 19.Rdg1 O-O-O 20.f5 e5 21.Nf3 Rxg7 22.Rxg7 Bxe4
23.Nxe4 Nxf5 24.Nxf6 Nxe3 25.Nd5 Nxd5 26.Bxc4 Nf4 27.Rxf7 Kb8 28.Bxa6 Rd7
29.Rxh7 Ka7 30.Bb5 Qxc2+ 31.Kxc2 Rc7+ 32.Kd1 Kb6 33.Bf1 Kc5 34.h4 e4 35.Ng5 Kd4
36.Rf7 Ke3 37.b3 d5 38.Bb5 Bd6 39.Rxc7 Bxc7 40.Bc6 Bd8 41.Nf7 Bxh4 42.Nh6 Kd3
43.Nf5 Bf2 44.Bb5+ Kc3 45.a4 Kxb3 46.Kd2 d4 47.Kd1 Kb4 48.Kc2 Kc5 49.Kd1 d3
50.Kd2 Kd5 51.a5 Ke5 52.Bd7 Ba7 53.a6 Bb6 54.Bc8 Ba5+ 55.Kd1 Bb6 56.Kd2 Bc5
57.Bd7 Nd5 58.Ng3 Bb4+  0-1

[Event "Ozery op2 Seniors"]
[Site "Ozery"]
[Date "1997.??.??"]
[Round "2"]
[White "Ljavdansky, Vladimir"]
[Black "Leonidov, Vladimir"]
[Result "0-1"]
[WhiteElo "2305"]
[BlackElo "2295"]

1.c4 e6 2.Nf3 Nf6 3.d4 b6 4.a3 Bb7 5.Nc3 d5 6.Bg5 Be7 7.e3 O-O 8.Rc1 Nbd7
9.cxd5 exd5 10.Be2 c5 11.O-O a6 12.dxc5 bxc5 13.Qa4 Qb6 14.Qc2 Rac8 15.Rfd1 Rfe8
16.h3 h6 17.Bh4 Bf8 18.Na4 Qa5 19.Nc3 Qb6 20.Na4 Qa7 21.Nc3 d4 22.Na4 Be4
23.Qd2 Bc6 24.Qa5 dxe3 25.fxe3 Rxe3 26.Nc3 c4 27.Bf2 Bc5 28.Kf1 Rxf3 29.Bxf3 Bxf2
30.Bxc6 Rxc6 31.Qd8+ Kh7 32.Qe7 Bg1 33.Rc2 Re6 34.Qxf7  0-1

[Event "Paris op"]
[Site "Paris"]
[Date "1997.??.??"]
[Round "?"]
[White "Relange, Eloi"]
[Black "Bricard, Emmanuel"]
[Result "1/2-1/2"]
[WhiteElo "2480"]
[BlackElo "2445"]

1.d4 Nf6 2.Nf3 e6 3.c4 b6 4.a3 Ba6 5.Qc2 Bb7 6.Nc3 c5 7.e4 cxd4 8.Nxd4 d6
9.Be2 Be7 10.Be3 a6 11.O-O O-O 12.Rfd1 Qc7 13.f3 Nbd7 14.Rac1 Rac8 15.Qb1 Qb8
16.Qa2 Rfe8 17.b4 Bd8 18.Kh1 Bc7 19.Bg1 Kh8 20.Nb3 g5 21.a4 Ba8 22.a5 bxa5
23.b5 axb5 24.Nxb5 g4 25.Nxc7 Qxc7 26.c5 gxf3 27.Bxf3 dxc5 28.Nxc5 Nxc5 29.Rxc5 Qf4
30.Rxc8 Rxc8 31.Qxa5 Bxe4 32.Rf1 Kg7 33.Qe1 Rc4 34.Be3 Qf5 35.Bxe4 Qxe4 36.Rf4 Qxf4
37.Bxf4 Rxf4  1/2-1/2

[Event "ESP-chT"]
[Site "Ponferrada"]
[Date "1997.??.??"]
[Round "1"]
[White "Cramling, Pia"]
[Black "Illescas Cordoba, Miguel"]
[Result "1/2-1/2"]
[WhiteElo "2520"]
[BlackElo "2585"]

1.d4 Nf6 2.c4 e6 3.Nf3 b6 4.a3 Ba6 5.Qc2 Bb7 6.Nc3 c5 7.e4 cxd4 8.Nxd4 Bc5
9.Nb3 Nc6 10.Bf4 O-O 11.O-O-O e5 12.Bg3 Rc8 13.Kb1 Nd4 14.Nxd4 exd4 15.Nd5 b5
16.Bh4 Bxd5 17.cxd5 Be7 18.Qd3 Nxe4 19.Qxe4 Bxh4 20.Bd3 g6 21.Qxd4 Bf6 22.Qf4 Rc5
23.h4 Rxd5 24.h5 Rd4 25.Be4 Qb6 26.hxg6 hxg6 27.Qf3 b4 28.a4 Qd6 29.Bd5 Qe5
30.Qb3 Kg7 31.Rxd4 Qxd4 32.f3 Qd2 33.g4 Re8 34.Rd1 Re1 35.Rxe1 Qxe1+ 36.Ka2 Qe7
37.Qc4 a5 38.Qe4 Qc5 39.Qc4 Qf2 40.Qb3 g5 41.Be4 Kf8 42.Kb1 Qe1+ 43.Ka2 Qd2
44.Qc2 Qd4 45.Qb3 Ke7 46.Kb1 Be5 47.Bb7 Qg1+ 48.Ka2 Qf2 49.Be4 Qd2 50.Qc2 Qd4
51.Qb3 f5 52.Bxf5 d5 53.Bh7 Kd6 54.Bg8 Qd2 55.Kb1 Bxb2 56.Qxb2 Qd1+ 57.Qc1 Qb3+
58.Qb2 Qd1+ 59.Qc1 Qb3+ 60.Qb2 Qxf3 61.Qd2 Qb3+ 62.Kc1 Qa3+ 63.Kb1 Qb3+ 64.Kc1 Qa3+
65.Kb1  1/2-1/2

[Event "ESP-chT"]
[Site "Ponferrada"]
[Date "1997.??.??"]
[Round "1"]
[White "Arencibia, Walter"]
[Black "Spraggett, Kevin"]
[Result "1/2-1/2"]
[WhiteElo "2550"]
[BlackElo "2575"]

1.d4 Nf6 2.Nf3 e6 3.c4 b6 4.a3 c5 5.d5 Ba6 6.Qb3 exd5 7.cxd5 Bd6 8.Nc3 O-O
9.Bg5 h6 10.Bh4 Re8 11.Rd1 Bf8 12.Nd2 d6 13.Nc4 Bxc4 14.Qxc4 a6 15.a4 Nbd7
16.e3 Qc7 17.Qb3 g6 18.Be2 Bg7 19.O-O Ne4 20.Qc2 Nxc3 21.bxc3 c4 22.Rb1 Nc5
23.Rb4 b5 24.axb5 axb5 25.Rxb5 Ra3 26.Bg3 Ne4 27.Rb4 Rxc3 28.Qa2 Rc8  1/2-1/2

[Event "POL-ch sf"]
[Site "Poraj "]
[Date "1997.??.??"]
[Round "3"]
[White "Michalski, Olaf"]
[Black "Rosenbeiger, Alan"]
[Result "1-0"]
[WhiteElo "2285"]
[BlackElo "2130"]

1.d4 Nf6 2.Nf3 e6 3.c4 b6 4.a3 Bb7 5.Nc3 d6 6.d5 e5 7.e4 Nbd7 8.Bd3 Be7 9.O-O O-O
10.b4 h6 11.Nd2 Nh7 12.Nb3 g5 13.Be3 Kg7 14.Ne2 Ndf6 15.Ng3 Bc8 16.a4 Rh8
17.a5 Bd7 18.c5 bxc5 19.bxc5 h5 20.c6 Bg4 21.Be2 Bc8 22.a6 h4 23.Nf5+ Kf8
24.Qd3 Rg8 25.Nd2 Bxf5 26.exf5 Qc8 27.Rab1 g4 28.Rb7 Ng5 29.Bxg5 Rxg5 30.Ne4 Rxf5
31.Nxf6 Rxf6 32.Qe3 Rf4 33.Rxa7 Bg5 34.Rxa8 Qxa8 35.a7 Rf5 36.Qa3 g3 37.Rb1  1-0

[Event "Portoroz op"]
[Site "Portoroz"]
[Date "1997.??.??"]
[Round "?"]
[White "Cebalo, Miso"]
[Black "Kragelj, Igor"]
[Result "1-0"]
[WhiteElo "2540"]
[BlackElo "2240"]

1.d4 Nf6 2.Nf3 e6 3.c4 b6 4.a3 Bb7 5.Nc3 d5 6.Bg5 dxc4 7.e3 Be7 8.Bxc4 O-O
9.Qe2 Nbd7 10.Rc1 Ne4 11.Nxe4 Bxe4 12.Bf4 Bd6 13.O-O Bxf4 14.exf4 Nf6 15.Ne5 Bb7
16.Rfd1 Nd5 17.g3 a6 18.Bd3 Qd6 19.h4 f5 20.Nc4 Qe7 21.Qe5 Rac8 22.Re1 Rf6
23.Bf1 Qd8 24.Bg2 Ba8 25.Rc2 Ne7 26.Bxa8 Rxa8 27.Rec1 Nc6 28.Qe3 Nxd4 29.Rd2 c5
30.Rd3 Qc7 31.b4 Rd8 32.Ne5 Qd6 33.Rdc3 Rc8 34.a4 a5 35.bxa5 bxa5 36.Nd3 Rf7
37.Rxc5 Rd8 38.Ne5 Rb7 39.Nc6 Nxc6 40.Rxc6 Qd5 41.Rxe6 Qd7 42.Kh2 Qxa4 43.Ra1  1-0

[Event "Portoroz op"]
[Site "Portoroz"]
[Date "1997.??.??"]
[Round "?"]
[White "Sirnik, Bostjan"]
[Black "Ilijin, Neboisa"]
[Result "1-0"]
[WhiteElo "2125"]
[BlackElo "2290"]

1.d4 Nf6 2.Nf3 e6 3.c4 b6 4.a3 Bb7 5.Nc3 d5 6.cxd5 Nxd5 7.Qc2 Be7 8.e4 Nxc3
9.bxc3 O-O 10.Bd3 Nd7 11.O-O c5 12.Rd1 cxd4 13.cxd4 Rc8 14.Qe2 Qc7 15.Bb2 Qf4
16.h3 Rfd8 17.Bc1 Qb8 18.e5 Qa8 19.Ng5 Rxc1 20.Bxh7+ Kf8 21.Nxe6+ fxe6 22.Raxc1 Rc8
23.Qg4 Bd5 24.Qf4+ Nf6 25.exf6 Bxf6 26.Qd6+ Be7 27.Qd7 Rd8 28.Qa4 Bxg2 29.d5 Bxd5
30.Qf4+ Bf6 31.Rc7 Re8 32.Bg6 Rd8 33.Bh7 a5 34.Rdc1 Bf3 35.Rxg7  1-0

[Event "EU-chT (Men)"]
[Site "Pula"]
[Date "1997.??.??"]
[Round "6"]
[White "Timoshchenko, Gennadi A"]
[Black "Hauchard, Arnaud"]
[Result "1-0"]
[WhiteElo "2515"]
[BlackElo "2510"]

1.d4 Nf6 2.Nf3 e6 3.c4 b6 4.a3 Ba6 5.Qc2 Bb7 6.Nc3 c5 7.e4 cxd4 8.Nxd4 Bc5
9.Nb3 Nc6 10.Nxc5 bxc5 11.Bd3 Nd4 12.Qd1 e5 13.O-O d6 14.f4 h6 15.f5 a5 16.a4 Qb6
17.Nb5 Bxe4 18.Bxe4 Nxe4 19.Ra3 Nf6 20.Re3 Kf8 21.Bd2 Re8 22.Be1 d5 23.Bg3 e4
24.Nc7 Rd8 25.Nxd5 Nxd5 26.cxd5 Rxd5 27.Rxe4 Kg8 28.Qh5 Qf6 29.Bh4 Rxf5 30.Rxf5 Qxf5
31.Qxf5 Nxf5 32.Re8+ Kh7 33.Rxh8+ Kxh8 34.Be1 Ne3 35.Bxa5 Nd5 36.b3 Kg8 37.Be1 Nc7
38.Bf2 Na6 39.Kf1 Kf8 40.Ke2 Ke7 41.Kd3 Kd6 42.Kc4 Kc6 43.g4 g6 44.Be3 h5
45.g5 Kd6 46.h4 Kc6 47.Bg1 Kd6 48.Bf2 Kc6 49.a5  1-0

[Event "Pula op"]
[Site "Pula"]
[Date "1997.??.??"]
[Round "6"]
[White "Kozul, Zdenko"]
[Black "Fucak, Emilijo"]
[Result "1-0"]
[WhiteElo "2590"]
[BlackElo "2310"]

1.d4 Nf6 2.Nf3 e6 3.c4 b6 4.a3 Bb7 5.Nc3 Ne4 6.Nxe4 Bxe4 7.Nd2 Bb7 8.e4 d5
9.cxd5 exd5 10.e5 c5 11.f4 Nc6 12.Nf3 Rc8 13.Bd3 c4 14.Bc2 b5 15.O-O Qb6
16.Be3 b4 17.Ba4 Be7 18.f5 f6 19.axb4 O-O 20.b5 Nxe5 21.Nh4 Rfe8 22.Qh5 Bd6
23.Kh1 Nd3 24.Bg1 Re4 25.Ng6 Rce8 26.Bc2 Re2 27.Ne5 Qxb5 28.Ba4  1-0

[Event "EU-chT (Men)"]
[Site "Pula"]
[Date "1997.??.??"]
[Round "6"]
[White "Huzman, Alexander"]
[Black "Van der Wiel, John TH"]
[Result "1/2-1/2"]
[WhiteElo "2585"]
[BlackElo "2555"]

1.d4 Nf6 2.Nf3 e6 3.c4 b6 4.a3 Bb7 5.Nc3 g6 6.Qc2 Bxf3 7.exf3 Bg7 8.Be3 O-O
9.g4 d5 10.O-O-O c6 11.h4 dxc4 12.Bxc4 Nd5 13.Ne4 Nd7 14.h5 Qc7 15.hxg6 hxg6
16.Bxd5 exd5 17.Nc3 Qd6 18.Qd2 Rfe8 19.Rh3 b5 20.Bh6 Bf6 21.Bg5 Bg7 22.Bh6 Bf6
23.Bg5 Bg7  1/2-1/2

[Event "Pula op"]
[Site "Pula"]
[Date "1997.??.??"]
[Round "6"]
[White "Cebalo, Miso"]
[Black "Radocaj, Denis"]
[Result "1-0"]
[WhiteElo "2540"]
[BlackElo "2370"]

1.d4 Nf6 2.Nf3 e6 3.c4 b6 4.a3 Bb7 5.Nc3 Ne4 6.Nxe4 Bxe4 7.Nd2 Bb7 8.e4 Qf6
9.e5 Qe7 10.Nf3 d6 11.exd6 cxd6 12.Bd3 g6 13.Bg5 f6 14.Bd2 Nd7 15.O-O Bg7
16.Re1 O-O 17.Qe2 Rfe8 18.b4 f5 19.Bc3 e5 20.dxe5 dxe5 21.c5 bxc5 22.Bb5 Bxf3
23.gxf3 Rec8 24.Rad1 Nb6 25.bxc5 Rxc5 26.Bb4 Qg5+ 27.Kh1 Rc7 28.Bd6 Rf7 29.a4 Rd8
30.a5 Nc8 31.f4 Qh4 32.Bxe5 Rff8 33.Qc4+ Kh8 34.Qc7 Bf6 35.Rxd8 Rxd8 36.Qxd8+  1-0

[Event "ISL-chJ"]
[Site "Reykjavik"]
[Date "1997.??.??"]
[Round "?"]
[White "Edvardsson, Kristjan"]
[Black "Thorfinnsson, Bragi"]
[Result "0-1"]
[WhiteElo "2200"]
[BlackElo "2160"]

1.d4 Nf6 2.c4 e6 3.Nf3 b6 4.a3 Bb7 5.Nc3 d5 6.cxd5 exd5 7.Bf4 c6 8.e3 Be7
9.Bd3 O-O 10.h3 Re8 11.O-O a6 12.Rc1 c5 13.dxc5 bxc5 14.Qb3 Bc6 15.Be2 Nbd7
16.Rfd1 Bf8 17.Ne1 Qb6 18.Qxb6 Nxb6 19.Bc7 Na4 20.Nxa4 Bxa4 21.Rd2 Rac8 22.Bf4 Bb5
23.Bf3 Bc6 24.Nd3 Nd7 25.Bg3 Rcd8 26.Nf4 Nb6 27.Bh4 Rd7 28.Bg3 Rdd8 29.Nh5 Rd7
30.Nf4 Rdd8 31.Be2 c4 32.Bf3 Rd7 33.Ne2 g6 34.Nd4 Bb7 35.Bg4 f5 36.Bd1 Bh6
37.Kf1 Kf7 38.Nf3 Bg7 39.Nd4 Rc8 40.Bh2 Re7 41.g4 Bxd4 42.Rxd4 fxg4 43.Bxg4 Rce8
44.Bf3 Kg7 45.Bd6 Rf7 46.Kg2 Re6 47.Bg3 h6 48.Rc2 Bc6 49.Rcd2 Kf8 50.Bg4 Re8
51.Bd6+ Kg7 52.Bf3 Re6 53.Bb8 Rb7 54.Bf4 Rf7 55.Bg4 Re8 56.Bd6 a5 57.Bd1 Re6
58.Bf4 Rb7  0-1